Trivia test - Maroc - Statistiques

Statistiques générales
  • Ce quiz a été pris 456 fois
  • Le résultat moyen est 10 sur 11
Statistiques - réponses
Question Réponse % Correct
Quelle est la monnaie du Maroc ? Le Dirham
99%
Quel est la capitale du Maroc? Rabat
98%
Quel est la boisson la plus consommé au Maroc? Thé
96%
Quel est le nom de l'habit traditionnel marocain? Caftan
95%
Jusqu'où l'équipe nationale du Maroc s'est rendue lors de la coupe du monde 2022? Demi-finale
95%
Qu'elle est la langue officielle du Maroc? Arabe et Amazighe standard
93%
Quelle est la devise nationale du Maroc ? Dieu, la patri, le roi
93%
Quel est le nom du roi du Maroc qui a pris ses fonctions en 1999 ? Mohammed VI
90%
Quel est le nom de cette pâtisserie Marocaine? Corne de gazelle
85%
Quel est le nom de cette superstar marocaine ? Saad Lamjarred
84%
La population de Casablanca dépasse les 3 millions d’habitants? Vrai
78%
Aucun quiz correspondant
Distribution des résultats
% des personnes avec chaque résultat
Percentile par nombre de réponses
Votre historique - résultats
Vous n’avez pas pris ce quiz